Análisis de seguridad vial en la autopista Florencio del Castillo: auditoría y validación del manual para la disposición de sistemas de contención vial en Costa Rica
שמור ב:
| מחבר ראשי: | |
|---|---|
| פורמט: | ספר |
| יצא לאור: |
[San José], Costa Rica
2010
|
| נושאים: | |
| תגים: |
הוספת תג
אין תגיות, היה/י הראשונ/ה לתייג את הרשומה!
|
MARC
| LEADER | 00000nam a2200000Ia 4500 | ||
|---|---|---|---|
| 003 | 010493 | ||
| 005 | 20221231144040.0 | ||
| 008 | 140114s2010 cr ab 000 ||s d | ||
| 040 | |c cru CEDI | ||
| 090 | |a TFG 6074 | ||
| 100 | |a Acosta Gómez, Alejandra |9 3280 | ||
| 245 | |a Análisis de seguridad vial en la autopista Florencio del Castillo: auditoría y validación del manual para la disposición de sistemas de contención vial en Costa Rica | ||
| 260 | |c 2010 |b [San José], Costa Rica | ||
| 500 | |a Tesis (licenciatura en ingeniería civil)--Universidad de Costa Rica. Facultad de Ingeniería. Escuela de Ingeniería Civil | ||
| 650 | |x SEGURIDAD VIAL |x AUDITORIA |x MANUALES |x AUTOPISTA FLORENCIO DEL CASTILLO (COSTA RICA) |9 3281 | ||
| 942 | |c TFG | ||
| 999 | |c 16141 |d 16141 | ||
